000 00550nam a2200169Ia 4500
008 090711s9999 xx 000 0 und d
082 _b1880
100 _aघैसास दिवाकर अ.
245 _a"मी, आत्माराम"
260 _bशिखर प्रकाशन
_c1999
300 _a177
600 _aघैसास दिवाकर अ.
630 _a"मी, आत्माराम"
700 _aघैसास दिवाकर अ.
730 _a"मी, आत्माराम"
942 _cBOOK
999 _c334759
_d334759